| 000 | 01033nam a22002417a 4500 | ||
|---|---|---|---|
| 005 | 20210325180419.0 | ||
| 008 | s2541 th tha d | ||
| 020 | _a9746393324 | ||
| 041 | _atha | ||
| 050 | _aQH541 ว621ส 2541 | ||
| 100 | 0 | _aวินัย วีระวัฒนานนท์ | |
| 245 | 1 | 0 | _aสิ่งแวดล้อมและการพัฒนา [3rd] |
| 246 | _aEnvironment and development | ||
| 260 | 3 |
_aกรุงเทพฯ : _bมหาวิทยาลัยศรีนครินทรวิโรฒ, _c2541 |
|
| 300 |
_a222 หน้า : _b ภาพประกอบ ; _c 25 ซม. |
||
| 650 | 0 | 4 | _aการพัฒนาประเทศ -- ผลกระทบต่อสิ่งแวดล้อม |
| 650 | 0 | 4 | _aมนุษย์ -- อิทธิพลของสิ่งแวดล้อม |
| 650 | 0 | 4 | _aสิ่งแวดล้อม |
| 850 | _aNALT | ||
| 942 | _cGB | ||
| 997 | _c000000000009234 | ||
| 998 | _aSANG-AROON ANU-KRAUGH | ||
| 999 |
_c9234 _d9234 |
||